| 000 | 00776 a2200241 4500 | ||
|---|---|---|---|
| 003 | Nust | ||
| 005 | 20170207154044.0 | ||
| 020 | _a0-415-10603-6 ; | ||
| 040 | _cNust | ||
| 082 | _a658.4038091724 | ||
| 082 | _a658.4038091724 | ||
| 100 | 1 | _aSimon Bell | |
| 245 | 0 | 0 |
_aLearning with information systems (E-Book) _blearning cycles in information systems development / _cSimon Bell |
| 260 |
_aLondon : _bRoutledge, _c1996 |
||
| 300 |
_axvi,230p : _bill ; _c24cm |
||
| 440 | 0 |
_aRoutledge studies in international information and library management systems, _v1 |
|
| 650 | 7 | _aDeveloping countries | |
| 650 | 7 |
_aInformation resources management _xDeveloping countries |
|
| 650 | 7 | _aInformation systems | |
| 650 | 7 | _aSystem analysis | |
| 650 | 7 | _aSystem design | |
| 651 | _a(E-Book) | ||
| 942 |
_2ddc _cBK |
||
| 999 |
_c192811 _d192811 |
||